000 00334nam a2200145Ia 4500
008 230718s9999 xx 000 0 und d
041 _aEng.
082 _a3542948
_bABB-Q
100 _aAbbas, Naveed Syed
245 0 _aQanun-E-Shahadat
260 _aPakistan
_bPunjab Law Book
_c2015
300 _a96
650 _aLaw
999 _c30694
_d30694